000 00774nam a2200241Ia 4500
003 GCL
008 140319s9999 xx 000 0 ara d
040 _aGCL /
_cGCL
082 0 4 _a412
_bق ا
100 1 _aعلى قاعود
245 1 0 _aادب الكاتب /
_cعلى قاعود
700 1 _aابن قتيبة الدينورى : ابو محمد عبد الله بن مسلم
260 _a[S.N] :
_bدار الكتب العلمية للنشر والتوزيع ،
_c1988
300 _a448 ص
490 _a
650 0 4 _aالشعر العربى
650 0 4 _aالادب العربى
650 0 4 _aالنحو
650 0 4 _aالنحو العربى
650 0 4 _aالالفاظ العربية
650 0 4 _aالمجموعات الادبية
942 _2ddc
_cBK
999 _c53669
_d53669